| 000 | 00705nam a2200217 a 4500 | ||
|---|---|---|---|
| 001 | 3243 | ||
| 003 | CDMR | ||
| 005 | 20131118164826.0 | ||
| 008 | 130130s1984||||||||||||||||||||||||||||d | ||
| 020 | _a9222035313 | ||
| 040 |
_aCDMR _bcat _cCDMR |
||
| 100 | 1 |
_aBohère, G. _92348 |
|
| 245 | 1 | 0 |
_aProfession, journaliste _b: etude sur la condition du journaliste en tant que travailleur _cG. Bohère |
| 260 |
_aGenève _c1984 _bBureau International du Travail |
||
| 300 | _a180 p. | ||
| 650 | 0 | 4 |
_93782 _aPeriodistes _xPràctica professional |
| 650 | 0 | 4 |
_93792 _aMercat de treball |
| 650 | 0 | 4 |
_92767 _aPeriodistes _xSituació legal, lleis, etc |
| 710 | 2 |
_94360 _aBureau international du travail |
|
| 942 |
_cMON _2udc |
||
| 999 |
_c3243 _d3243 |
||